000 00457nam a22001577a 4500
005 20251108165516.0
008 250721s1987 xx 000 0 ara d
082 1 4 _aم/817/سمي
100 1 _aشيخاني، سمير
245 1 0 _aكتاب الأنس /
264 1 _aبيروت :
_bمؤسسه عز الدين للطباعه و النشر،
_c1987.
300 _a3ج0
650 1 7 _aالفكاهه والنوادر
942 _2ddc
_cREF
999 _c29570
_d29570